000 00359 a2200109 4500
001 ART_50927
005 20260410162019.0
008 260409a
245 1 0 _a¿Existe un derecho humano a procrear?
100 1 _aRodríguez, Yamila V.
773 0 _tTemas de derecho de familia, sucesiones y bioética
_g- Año 5, N° 5 (mayo 2020)
_wREV41029
999 _c32969
_d32969